| 000 | 00987nam a22002417a 4500 | ||
|---|---|---|---|
| 001 | 3706 | ||
| 003 | FISKH | ||
| 005 | 20240423102541.0 | ||
| 008 | 240423b cb ||||| |||| 00| 0 eng d | ||
| 040 |
_aFISK _beng _cFISK _dFISK |
||
| 050 | _aPZ8.A54 | ||
| 082 | _a398.2 | ||
| 100 |
_aAndersen Christian Hans _d1805-1875 |
||
| 245 |
_aThe little mermaid and other tales / _cHans Christian Andersen |
||
| 260 |
_aNew York : _bHarperFestival, _c2005 |
||
| 300 |
_a277 pages : _c20 cm |
||
| 505 | _aZ | ||
| 520 | _aThe Little Mermaid is just one jewel in this enchanting collection of twenty stories by the father of the modern fairy tale, Hans Christian Andersen. Whether you prefer laughing aloud at the Emperor in his "new clothes" or sighing as the Little Mermaid pines for her human prince, one thing is certain-this is a book that will be read again and again | ||
| 521 | 8 |
_a1130 _bLexile |
|
| 700 | _aHans Christian Andersen | ||
| 942 |
_2lcc _cBK _n0 |
||
| 999 |
_c3706 _d3706 |
||